000 00811nam a2200241Ia 4500
003 OSt
005 20220923224148.0
006 a|||||r|||| 00| 0
007 ta
008 220922b |||||||| |||| 00| 0 hin d
024 _a226,774
037 _cTextual
040 _aARTS
_cARTS
_bhin
041 _2hin
_ahin
082 _aLB:2, 152M3
100 _aशर्मा, ताराचन्द्र
_9156365
245 0 _aआयुर्वेदीय शरीर रचना विज्ञान
246 _aĀyurvedīya sharīr rachanā vijnyāna
260 _aरोहतक
_b नाथ पुस्तक भण्डार
_c1983
300 _a492पृ.
_ccm.
942 _hLB:2, 152M3
_cTEXL
_2CC
999 _c369630
_d369630